Online
Catalog

24 maestros del arte dominicano = 24 masters of the dominican art / (Record no. 48120)

MARC details
000 -CABECERA
campo de control de longitud fija 00993nam a2200253 a 4500
001 - NÚMERO DE CONTROL
campo de control 000048632
005 - FECHA Y HORA DE LA ÚLTIMA TRANSACCIÓN
campo de control 20260305073959.0
008 - DATOS DE LONGITUD FIJA--INFORMACIÓN GENERAL
campo de control de longitud fija 190404s2014 dr ac 000 0 spa d
020 ## - NÚMERO INTERNACIONAL ESTÁNDAR DEL LIBRO
Número Internacional Estándar del Libro 9789945008739
040 ## - FUENTE DE LA CATALOGACIÓN
Centro catalogador/agencia de origen DO-SdBNP
Lengua de catalogación spa
Centro/agencia transcriptor BNPHU
041 1# - CÓDIGO DE LENGUA
Código de lengua del texto/banda sonora o título independiente spa
Código de lengua del sumario o resumen eng
082 ## - NÚMERO DE LA CLASIFICACIÓN DECIMAL DEWEY
Número de clasificación xxx
Número de documento/Ítem G377v
100 1# - ENTRADA PRINCIPAL--NOMBRE DE PERSONA
Nombre de persona Gerón, Candido,
Fechas asociadas al nombre 1948-
9 (RLIN) 3577
245 10 - MENCIÓN DE TÍTULO
Título 24 maestros del arte dominicano = 24 masters of the dominican art /
Mención de responsabilidad, etc. Cándido Gerón, Luis Desangles Sibilly, Abelardo Rodríguez Urdaneta...[et al] ; traducción John Miller ; fotografía Cándido Alexander Araújo Batista.
260 ## - PUBLICACIÓN, DISTRIBUCIÓN, ETC.
Lugar de publicación, distribución, etc. Santo Domingo :
Nombre del editor, distribuidor, etc. Centenario,
Fecha de publicación, distribución, etc. 2014.
300 ## - DESCRIPCIÓN FÍSICA
Extensión 280 p. :
Otras características físicas il., retrs. ;
Dimensiones 31 cm.
500 ## - NOTA GENERAL
Nota general Libro de pasta dura.
500 ## - NOTA GENERAL
Nota general Libro en español e ingles.
590 ## - NOTA LOCAL (RLIN)
Nota local Inventariado, 2019/ YL
700 12 - PUNTO DE ACCESO ADICIONAL--NOMBRE DE PERSONA
Nombre de persona Araújo Batista, Cándido Alexander
Término indicativo de función/relación fot.
9 (RLIN) 76058
700 12 - PUNTO DE ACCESO ADICIONAL--NOMBRE DE PERSONA
Nombre de persona Miller, John
Término indicativo de función/relación trad.
9 (RLIN) 76079
700 12 - PUNTO DE ACCESO ADICIONAL--NOMBRE DE PERSONA
Nombre de persona Desangles Sibilly, Luis
9 (RLIN) 76080
700 12 - PUNTO DE ACCESO ADICIONAL--NOMBRE DE PERSONA
Nombre de persona Rodríguez Urbaneta, Abelardo
9 (RLIN) 76081
Holdings
Estado de retiro Estado de pérdida No para préstamo Código de colección Localización permanente Ubicación/localización actual Ubicación en estantería Fecha de adquisición Número de inventario Total de préstamos Signatura topográfica completa Código de barras Fecha visto por última vez Número de copia Precio válido a partir de Tipo de ítem Koha
    Excluido de préstamo Dominicana de Servicio General General En catalogación 04.04.2019 LF1   xxx G377v 48632-30 25.06.2020 e. 3 25.06.2020 Libro y Folleto Colección Dominicana de Servicio
    Excluido de préstamo Patrimonio Dominicano Patrimonio Dominicano Patrimonio Dominicano En catalogación 04.04.2019 LF1   xxx G377v 48632-10 25.06.2020   25.06.2020 Libro y Folleto Colección Patrimonio Dominicano
    Excluido de préstamo Patrimonio Dominicano Patrimonio Dominicano Patrimonio Dominicano En catalogación 04.04.2019 LF1   xxx G377v 48632-20 25.06.2020 e. 2 25.06.2020 Libro y Folleto Colección Patrimonio Dominicano
      Patrimonio Dominicano Patrimonio Dominicano Patrimonio Dominicano Orden iniciada 04.04.2019 LF1   xxx G377v 48633-10 25.06.2020   25.06.2020 Libro y Folleto Colección Patrimonio Dominicano

Powered by Koha